Top 100 football clubs in Europe 2024/25 - Statistics

General Stats
  • This quiz has been taken 633 times
  • The average score is 63 of 100
Answer Stats
Ranking Nation Coefficient Points Team % Correct
4 England 114.000 Liverpool
99%
1 England 135.000 Manchester City
99%
2 Spain 131.000 Real Madrid
99%
10 Germany 87.000 Bayer Leverkusen
98%
6 France 96.000 PSG
98%
8 Germany 93.000 Borussia Dortmund
97%
9 Italy 91.000 Inter
97%
20 Italy 73.000 Milan
97%
3 Germany 122.000 Bayern Munich
96%
7 England 95.500 Chelsea
96%
14 Spain 81.000 Atletico Madrid
95%
21 Italy 72.000 Juventus
95%
11 Spain 83.000 Barcelona
94%
15 England 79.000 Manchester United
94%
16 England 77.000 Arsenal
93%
12 Portugal 82.000 Benfica
93%
63 England 32.000 Aston Villa
92%
17 Portugal 76.000 Porto
92%
5 Italy 97.000 Roma
92%
26 The Netherlands 61.000 Ajax
90%
27 Italy 61.000 Napoli
89%
33 Portugal 57.500 Sporting CP
87%
32 Spain 58.000 Sevilla
86%
28 The Netherlands 60.000 PSV Eindhoven
85%
96 Spain 11.000 Athletic Club
83%
54 Scotland 35.000 Celtic
83%
41 France 48.000 Marseille
82%
30 Scotland 60.000 Rangers
82%
42 England 46.000 Tottenham
82%
66 France 30.000 Lyon
81%
22 Belgium 69.000 Club Brugge
79%
24 The Netherlands 66.000 Feyenoord
78%
57 Turkey 34.500 Galatasaray
78%
25 Italy 61.000 Lazio
78%
34 France 57.000 Lille
77%
49 Spain 40.000 Real Betis
77%
19 Italy 75.000 Atalanta
76%
18 Germany 76.000 RB Leipzig
74%
35 Croatia 54.000 GNK Dinamo Zagreb
73%
43 Greece 45.000 Olympiacos
73%
85 England 8.000 Newcastle
72%
53 France 37.000 ASM Monaco
71%
31 Spain 58.000 Real Sociedad
70%
38 Czech Republic 50.000 Slavia Praha
70%
37 Ukraine 50.000 Shakhtar Donestk
69%
46 Serbia 42.000 Crvena zvezda
68%
23 England 69.000 West Ham
68%
36 Italy 51.500 Fiorentina
67%
39 Austria 48.000 RB Salzburg
67%
81 Ukraine 20.500 Dynamo Kyiv
66%
29 Germany 60.000 Eintracht Frankfurt
65%
45 Denmark 43.500 FC Copenhagen
65%
47 Turkey 42.000 Fenerbahce
65%
44 Portugal 44.000 Sporting Braga
62%
72 Belgium 24.500 Anderlecht
61%
74 Austria 23.500 SK Rapid Wien
61%
58 Switzerland 34.500 Young Boys
61%
97 Spain 8.000 Girona
60%
67 Czech Republic 29.500 Sparta Praha
60%
52 Israel 37.500 Maccabi Tel-Aviv
59%
40 The Netherlands 48.000 AZ Alkmaar
57%
73 Poland 24.000 Legia Warszawa
57%
62 Switzerland 33.000 Basel
54%
91 Italy 8.000 Bologna
53%
48 Belgium 41.000 Gent
53%
87 France 19.000 Nice
52%
84 England 16.000 Brighton & Hove Albion
51%
55 Norway 35.000 Bodo/Glimt
48%
51 Greece 39.500 PAOK
47%
82 Belgium 20.500 Antwerp
46%
78 England 23.000 Leicester
46%
50 France 40.000 Stade Rennais
46%
79 Serbia 22.000 Partizan
45%
13 Spain 82.000 Villarreal
44%
56 Hungary 35.000 Ferencvarosi
43%
89 Poland 18.000 Maccabi Haifa
42%
65 Azerbaijan 31.000 Qarabag
40%
83 Moldova 20.000 Sheriff Tiraspol
39%
59 Slovakia 33.500 Slovan Bratislava
38%
77 Germany 23.000 Union Berlin
38%
64 Norway 31.000 Molde
36%
75 Turkey 23.000 Basaksehir
35%
80 Austria 21.000 Sturm Graz
35%
100 Romania 16.000 FCSB
34%
70 Germany 28.000 Freiburg
34%
88 Poland 19.000 Lech Poznan
33%
86 Romania 19.000 CFR Cluj
32%
93 Germany 17.000 Hoffenheim
32%
69 Austria 28.000 LASK Linz
30%
98 Spain 2.500 Osasuna
30%
61 Belgium 33.000 Union Saint-Gilloise
29%
60 Czech Republic 33.000 Viktoria Plzen
29%
92 Cyprus 17.000 Omonia Nicosia
28%
90 Portugal 17.750 Vitoria Guimaraes
28%
76 Bulgaria 23.000 Ludogorets
26%
68 Denmark 28.500 Midtjylland
25%
99 Spain 13.000 Granada
16%
71 Sweden 26.000 Djurgarden
15%
94 Israel 16.500 Hapoel Be'er Sheva
14%
95 Turkey 16.500 Sivasspor
8%
No matching quizzes found
Score Distribution
Percent of People with Each Score
Percentile by Number Answered
Your Score History
You have not taken this quiz